Digital VLSI chip design with Cadence and Synopsys CAD tools / (Record no. 17935)
[ view plain ]
| 000 -LEADER | |
|---|---|
| fixed length control field | 00880cam a2200253 a 4500 |
| 001 - CONTROL NUMBER | |
| control field | 15774770 |
| 005 - DATE AND TIME OF LATEST TRANSACTION | |
| control field | 20140121095547.0 |
| 008 - FIXED-LENGTH DATA ELEMENTS--GENERAL INFORMATION | |
| fixed length control field | 090613t2010 xxka frb 001 0 eng d |
| 010 ## - LIBRARY OF CONGRESS CONTROL NUMBER | |
| LC control number | 2009419424 |
| 020 ## - INTERNATIONAL STANDARD BOOK NUMBER | |
| International Standard Book Number | 9780321547996 |
| 020 ## - INTERNATIONAL STANDARD BOOK NUMBER | |
| International Standard Book Number | 0321547993 |
| 040 ## - CATALOGING SOURCE | |
| Original cataloging agency | BTCTA |
| Transcribing agency | BTCTA |
| Modifying agency | YDXCP |
| -- | BWX |
| -- | VGM |
| -- | VPI |
| -- | TTS |
| -- | DEBBG |
| -- | DLC |
| 082 04 - DEWEY DECIMAL CLASSIFICATION NUMBER | |
| Classification number | 621.3815 |
| Edition number | 22 |
| Item number | BRU |
| 100 1# - MAIN ENTRY--PERSONAL NAME | |
| Personal name | Brunvand, Erik |
| 9 (RLIN) | 34880 |
| 245 10 - TITLE STATEMENT | |
| Title | Digital VLSI chip design with Cadence and Synopsys CAD tools / |
| Statement of responsibility, etc | Erik Brunvand. |
| 260 ## - PUBLICATION, DISTRIBUTION, ETC. (IMPRINT) | |
| Place of publication, distribution, etc | Boston, United Kingdom : |
| Name of publisher, distributor, etc | Addison-Wesley, |
| Date of publication, distribution, etc | c.2010. |
| Manufacturer | (Pearson) |
| 300 ## - PHYSICAL DESCRIPTION | |
| Extent | xvi, 571 p. : |
| Other physical details | ill. ; |
| Dimensions | 24 cm. |
| 500 ## - GENERAL NOTE | |
| General note | Index : p. 567-571.<br/> |
| 504 ## - BIBLIOGRAPHY, ETC. NOTE | |
| Bibliography, etc | Bibliography : p. 565-566. |
| 650 #0 - SUBJECT ADDED ENTRY--TOPICAL TERM | |
| Topical term or geographic name as entry element | Integrated circuits |
| General subdivision | Very large scale integration |
| -- | Computer-aided design. |
| 9 (RLIN) | 6416 |
| 653 ## - INDEX TERM--UNCONTROLLED | |
| Resource For college | |
| Arrived date list | January2014 |
| 655 ## - INDEX TERM--GENRE/FORM | |
| Form subdivision | |
| -- | 33728 |
| 942 ## - ADDED ENTRY ELEMENTS (KOHA) | |
| Source of classification or shelving scheme | Dewey Decimal Classification |
| Call number prefix | 621.3815 BRU |
| Withdrawn status | Item status | Source of classification or shelving scheme | Damaged status | Not for loan | Vendor | Home library | Current library | Shelving location | Date acquired | Source of acquisition | Total Checkouts | Full call number | Barcode | Date last seen | Koha item type | Date last borrowed | Total Renewals |
|---|---|---|---|---|---|---|---|---|---|---|---|---|---|---|---|---|---|
| Dewey Decimal Classification | Baccah | Central Library | Central Library | First floor | 21/01/2014 | 621.3815 BRU | 000035359 | 15/07/2025 | NB - Book (Non borrowing) | ||||||||
| Dewey Decimal Classification | Baccah | Central Library | Central Library | First floor | 21/01/2014 | 1 | 621.3815 BRU | 000035360 | 15/07/2025 | Book - Borrowing | 29/09/2016 | ||||||
| Dewey Decimal Classification | Baccah | Central Library | Central Library | First floor | 21/01/2014 | 3 | 621.3815 BRU | 000035361 | 15/07/2025 | Book - Borrowing | 29/09/2019 | 36 | |||||
| Dewey Decimal Classification | Baccah | Central Library | Central Library | First floor | 21/01/2014 | 3 | 621.3815 BRU | 000035362 | 15/07/2025 | Book - Borrowing | 21/11/2019 | 31 |